الخوف من الحداثة : (رقم التسجيلة. 923)
[ عرض عادي ]
| 000 -الفاتح | |
|---|---|
| عناصر البيانات ثابتة الطول | 00765cam a2200217 i 4500 |
| 005 - تاريخ ووقت آخر معاملة | |
| حقل ضبط | 20251118105815.0 |
| 008 - عناصر البيانات ثابتة الطول | |
| عناصر البيانات ثابتة الطول | 250721s1994 sy gr 000 0 ara d |
| 041 1# - كود اللغة | |
| كود اللغة لنص/مسار صوت أو عنوان منفصل | ara |
| كود اللغة للأصل | fre |
| 082 14 - رقم تصنيف ديوي العشري | |
| رقم التصنيف | 210.43214 |
| رقم المادة | م ر ي |
| 100 1# - مدخل رئيسي – اسم شخصي | |
| الاسم الشخصي | المرينسي، فاطمة |
| علاقة الشخص بالعمل/ دوره | مؤلف. |
| 240 10 - عنوان مقنن | |
| عنوان مقنن | La peur- modernite. |
| 245 12 - بيان العنوان | |
| العنوان | الخوف من الحداثة : |
| بقية العنوان | الإسلام والديمقراطية / |
| بيان المسؤولية | فاطمة المرنيسي ؛ ترجمه د. محمد الدبيات. |
| 250 ## - بيان الطبعة | |
| بيان الطبعة | الطبعة الاولى. |
| 264 31 - بيانات النشر، التوزيع…إلخ | |
| مكان النشر، التوزيع...إلخ | دمشق : |
| اسم الناشر، الموزع...إلخ | دار الجندي، |
| تاريخ النشر، التوزيع...إلخ | 1994. |
| 300 ## - الوصف المادي | |
| عدد الوحدات المكونة للوعاء | 254 صفحة. |
| 650 17 - مدخل إضافي بالموضوع - مصطلح موضوعي | |
| مصطلح موضوعي أو اسم جغرافي كعنصر مدخل | الإسلام. |
| 650 17 - مدخل إضافي بالموضوع - مصطلح موضوعي | |
| مصطلح موضوعي أو اسم جغرافي كعنصر مدخل | الديمقراطية. |
| 700 1# - مدخل إضافي - اسم شخصي | |
| الاسم الشخصي | الدبيات، محمد |
| علاقة الشخص بالعمل/ دوره | مترجم. |
| 942 ## - بيانات إضافية (كوها) | |
| نوع التنصيف | Dewey Decimal Classification |
| نوع المادة (كوها) | كتب |
| حالة السحب | حالة الفقدان | مصدر التصنيف | حالة التلف | غير قابل للإعارة | المكتبة الرئيسية | المكتبة الحالية | موقع الرف | تاريخ التزويد | الرقم المتسلسل | Total Checkouts | رقم الإستدعاء | الباركود | تاريخ آخر ظهور | تاريخ الفاتورة | نوع المادة (كوها) |
|---|---|---|---|---|---|---|---|---|---|---|---|---|---|---|---|
| Dewey Decimal Classification | المكتبة المركزية | المكتبة المركزية | الإعارة | 06/07/2004 | 224703 | 210.43214 / م ر ي | 224703 | 28/07/2025 | 06/07/2004 | كتب | |||||
| Dewey Decimal Classification | مكتبة صويلح العامة | مكتبة صويلح العامة | الإعارة | 17/07/2015 | [11092 | 210.43214/مري | PLD00340687 | 28/07/2025 | 17/07/2015 | كتب |